000 00922cam a22002537a 4500
005 20170512122414.0
008 090728s2007 txu f 001 0 eng
040 _aWAU
_cWAU
_dDRB
_dYDXCP
_dDLC
041 0 _aeng
044 _axxu
082 0 4 _a005.55
_bS79a1
245 0 0 _aStata programming :
_breference manual : release 10.
246 1 4 _aStata release 10 :
_bprogramming
246 1 8 _aStata 10 :
_bprogramming
260 _aCollege Station, Tex. :
_bStataCorp LP,
_cc2007.
300 _ax, 469 páginas ;
_c24 x 19 cm.
500 _aIncluye índice.
630 0 _aStata (Software)
_vGuías, manuales, etc.
650 2 6 _aCiencias sociales
_xEstadística
_xProgramas de ordenador
_vGuías, manuales, etc.
650 2 6 _aCiencias sociales
_xEstadística
650 2 6 _aPrograma de ordenador
_vGuías, manuales, etc.
_xDesarrollo.
710 2 _aStata Corporation
942 _2ddc
_cLIBRO
999 _c19490
_d19490